All of Murat's Battles - Statistics

General Stats
  • This quiz has been taken 3 times
  • The average score is 11 of 27
Answer Stats
Year Battle % Correct
1812 Battle of Borodino
100%
1813 Battle of Dresden
100%
1813 Battle of Leipzig
100%
1800 Battle of Marengo
100%
1796 2nd Battle of Dego
50%
1799 Battle of Abukir
50%
1805 Battle of Amstetten
50%
1805 Battle of Austerlitz
50%
1807 Battle of Eylau
50%
1807 Battle of Heilsberg
50%
1806 Battle of Jena
50%
1813 Battle of Liebertwolkwitz
50%
1796 Battle of Mondovi
50%
1812 Battle of Smolensk
50%
1798 Battle of the Pyramids
50%
1808 Dos De Mayo's Uprising
50%
1796-1797 Siege of Mantua
50%
1815 Battle of Casaglia
0%
1805 Battle of Donauwörth
0%
1815 Battle of Occhiobello
0%
1806 Battle of Prenzlau
0%
1815 Battle of Ronco
0%
1806 Battle of Schleiz
0%
1812 Battle of Tarutino
0%
1815 Battle of the Panaro
0%
1815 Battle of Tolentino
0%
1805 Battle of Wertingen
0%
No matching quizzes found
Score Distribution
Percent of People with Each Score
Percentile by Number Answered
Your Score History
You have not taken this quiz